00293 a2200133 450000100060000002000190000604000240002510000250004924000220007424500170009630000060011336200090011965000310012846811 a97885784805509 cAnchieta - Aquarius aBrant, Luiz Caldeira10aQuem sou eu?lpor10aQuem sou eu? a 0 a2010 4aLiteratura infanto-juvenil